| 000 | 00442nam a2200193Ia 4500 | ||
|---|---|---|---|
| 008 | 150901s9999 xx 000 0 und d | ||
| 041 | _aEnglish | ||
| 082 | _a631.8 | ||
| 082 | _bDAR/US | ||
| 100 | _aDargan K S | ||
| 100 | _eAuthor | ||
| 245 | _aUse of fertilizers in jute production | ||
| 260 | _aNew Delhi | ||
| 260 | _bICAR | ||
| 260 | _c1971 | ||
| 440 | _aTechnical bulltetin | ||
| 650 | _aSoil conditioners | ||
| 942 | _cBK | ||
| 999 |
_c240633 _d240633 |
||